Рентгеновские интроскопы НИИ интроскопии; Известия Томского политехнического университета [Известия ТПУ]; Неразрушающий контроль и диагностика
| Parent link: | Томский политехнический университет. Известия Томского политехнического университета [Известия ТПУ]/ Томский политехнический университет (ТПУ).— .— Томск: Изд-во ТПУ, 1998-2015.— 1684-8519 Неразрушающий контроль и диагностика.— 2008.— [С. 122-124] |
|---|---|
| Auteur principal: | |
| Résumé: | Заглавие с титульного листа Электронная версия печатной публикации |
| Langue: | russe |
| Publié: |
2008
|
| Collection: | Радиационные методы контроля и испытаний |
| Sujets: | |
| Accès en ligne: | http://www.lib.tpu.ru/fulltext/v/Bulletin_TPU/2008/v312/i2app/23.pdf |
| Format: | MixedMaterials Électronique Chapitre de livre |
| KOHA link: | https://koha.lib.tpu.ru/cgi-bin/koha/opac-detail.pl?biblionumber=173028 |
MARC
| LEADER | 00000naa2a2200000 4500 | ||
|---|---|---|---|
| 001 | 173028 | ||
| 005 | 20240611164636.0 | ||
| 035 | |a (RuTPU)RU\TPU\book\187684 | ||
| 035 | |a RU\TPU\book\187683 | ||
| 090 | |a 173028 | ||
| 100 | |a 20091217d2008 k y0rusy50 ca | ||
| 101 | 0 | |a rus | |
| 102 | |a RU | ||
| 135 | |a drnn ---uucaa | ||
| 181 | 0 | |a i | |
| 182 | 0 | |a b | |
| 200 | 1 | |a Рентгеновские интроскопы НИИ интроскопии |f Ю. А. Москалёв | |
| 203 | |a Текст |c электронный | ||
| 215 | |a 1 файл (3.3 Мб) | ||
| 225 | 1 | |a Радиационные методы контроля и испытаний | |
| 300 | |a Заглавие с титульного листа | ||
| 300 | |a Электронная версия печатной публикации | ||
| 337 | |a Adobe Reader | ||
| 461 | 1 | |0 162495 |t Известия Томского политехнического университета [Известия ТПУ] |f Томский политехнический университет (ТПУ) |d 1998-2015 |9 162495 |a Томский политехнический университет |c Томск |n Изд-во ТПУ |x 1684-8519 | |
| 463 | 1 | |0 172956 |t Неразрушающий контроль и диагностика |d 2008 |p 418 с. |9 172956 |a Клименов, В. А. (российский ученый, специалист в области неразрушающего контроля ; 1951-) |o Труды Международной научно-технической конференции, Томск 2008 г. |v [С. 122-124] | |
| 610 | 1 | |a интроскопы | |
| 610 | 1 | |a рентгеновские интроскопы | |
| 610 | 1 | |a преобразователи | |
| 610 | 1 | |a излучение | |
| 610 | 1 | |a неразрушающий контроль | |
| 610 | 1 | |a контроль | |
| 610 | 1 | |a материалы | |
| 610 | 1 | |a изделия | |
| 610 | 1 | |a экраны | |
| 610 | 1 | |a изображения | |
| 610 | 1 | |a труды учёных ТПУ | |
| 610 | 1 | |a электронный ресурс | |
| 700 | 1 | |a Москалёв |b Ю. А. |c специалист в области технической томографии и интроскопии |c заведующий сектором лаборатории №40 Томского политехнического университета |g Юрий Александрович |3 (RuTPU)RU\TPU\pers\28177 | |
| 801 | 1 | |a RU |b 63413507 |c 20090401 |g PSBO | |
| 801 | 2 | |a RU |b 63413507 |c 20121004 |g RCR | |
| 856 | 4 | |u http://www.lib.tpu.ru/fulltext/v/Bulletin_TPU/2008/v312/i2app/23.pdf | |
| 942 | |c CF | ||